Země sovětů Časopis Společnosti pro kulturní a hospodářské styky s SSSR

Bibliographic Details
Format: Serial
Language:English
Published: Praha Společnost pro kulturní a hospodářské styky s SSSR

MARC

LEADER 00000nas a2200000 a 4500
001 vtls010285080
003 SK-MaSNL
005 20260221120513.0
008 110610c mr1 0 0eng d
040 |a SNK  |b slo  |c SNK 
245 0 0 |a Země sovětů Časopis Společnosti pro kulturní a hospodářské styky s SSSR 
260 |a Praha  |b Společnost pro kulturní a hospodářské styky s SSSR 
500 |a Popis podľa: roč.1-...; č. 1-...; rok ... 
910 |a snk 
999 |c 6249  |d 8179 
952 |0 0  |1 1  |3 rekatalogizácia ; chýba prír. č.  |4 0  |7 0  |a SNK  |b SNK  |d 2011-06-10  |l 0  |o snkČB 175/4/1935-36  |p 17A0698316  |r 2026-02-21 20:06:23  |w 2026-02-21  |y PREZ